[Event "Challenge"]
[Site "http://www.queenalice.com/game.php?id=635520"]
[Date "2009.8.13"]
[Round "-"]
[White "robinud"]
[Black "alxpborges"]
[Result "1-0"]
[WhiteElo "1753"]
[BlackElo "1291"]

1. e4 d5 2. exd5 Bf5 3. Nc3 Qd6 4. Bc4 Qe5+ 5. Nge2 Na6 6. d4 Qf6 7. Bf4 c5 8.
dxc6 bxc6 9. Bxa6 Rd8 10. O-O e5 11. Bxe5 Qg5 12. Ng3 Nh6 13. Re1 Rd7 14. Bf6+
Re7 15. Bxg5 Bxc2 16. Qxc2 1-0

[Event "Challenge"]
[Site "http://www.queenalice.com/game.php?id=636612"]
[Date "2009.8.14"]
[Round "-"]
[White "alxpborges"]
[Black "manzan"]
[Result "0-1"]
[WhiteElo "1500"]
[BlackElo "1765"]

1. e4 e5 2. Bc4 Nh6 3. Qh5 g6 4. Qf3 Nc6 5. d3 Nd4 6. Qd1 Qf6 7. c3 Ng4 8. Qxg4
Nc2+ 9. Kd1 d5 10. Qe2 Nxa1 11. Bxd5 Qh4 12. Qf3 Bg4 13. Ne2 Bxf3 14. gxf3 Qxf2
15. Bxb7 Rb8 16. Bc6+ Kd8 17. Bg5+ Be7 18. Rg1 Rxb2 19. Bxe7+ Kxe7 20. Nd2 Qe3
21. Ke1 Qxd2+ 22. Kf2 Qxe2+ 23. Kg3 Qxh2+ 24. Kg4 Qxg1+ 25. Kh4 Rh2# 0-1

[Event "Challenge"]
[Site "http://www.queenalice.com/game.php?id=647508"]
[Date "2009.9.5"]
[Round "-"]
[White "samueneotaviano"]
[Black "alxpborges"]
[Result "1-0"]
[WhiteElo "1393"]
[BlackElo "1213"]

1. d4 e6 2. f4 c6 3. b4 Qh4+ 4. g3 Bxb4+ 5. c3 Qg4 6. cxb4 Nf6 7. e3 Na6 8. Qxg4
Nxg4 9. h4 Nxb4 10. Kd1 Nf2+ 11. Ke1 Nc2+ 12. Kxf2 Nxa1 13. Bb2 h5 14. Bxa1 d5
15. Nf3 O-O 16. a3 e5 17. Nxe5 f6 18. Nd3 Bf5 19. Be2 g5 20. hxg5 Rae8 21. Rxh5
fxg5 22. Rxg5+ Kf7 23. Rxf5+ Ke7 24. Re5+ Kf7 25. Bh5+ Kf6 26. Bxe8 c5 27. Nxc5
Rxe8 28. Rxd5 Rxe3 29. Kxe3 Ke7 30. Nxb7 a6 31. Ra5 Kd7 32. Rxa6 Kc8 33. Rb6 Kb8
34. Nc3 Ka7 35. Na4 Kb8 36. Nac5 Ka7 37. Ra6+ Kb8 38. d5 Kc7 39. d6+ Kc8 40. d7+
1-0

[Event "Challenge"]
[Site "http://www.queenalice.com/game.php?id=653526"]
[Date "2009.9.17"]
[Round "-"]
[White "willroberto"]
[Black "alxpborges"]
[Result "1-0"]
[WhiteElo "1096"]
[BlackElo "1291"]

1. g3 e5 2. Nh3 Qf6 3. c4 Bc5 4. d3 g5 5. Nc3 g4 6. Nd5 Qf5 7. e4 Qg6 8. Nxc7+
Kd8 9. Nxa8 gxh3 10. a3 Qf6 11. Qg4 h6 12. f4 Ne7 13. Qh5 Qa6 14. Qxe5 d6 15.
Qxh8+ Kd7 16. Bxh3+ f5 17. exf5 Kc6 18. Qf8 Nxf5 19. Bxf5 Bxf5 20. Qxf5 b6 21.
Qf7 Qb7 22. Qe8+ Qd7 23. Qe4+ d5 24. Qg6+ Kb7 25. f5 Kxa8 26. Bf4 Qe8+ 27. Qxe8
Kb7 28. Bxb8 Bf2+ 29. Kxf2 Ka6 30. b4 Kb7 31. Rhe1 Ka6 32. Qc8# 1-0

[Event "Challenge"]
[Site "http://www.queenalice.com/game.php?id=655672"]
[Date "2009.9.20"]
[Round "-"]
[White "alxpborges"]
[Black "mister_pawn"]
[Result "0-1"]
[WhiteElo "1196"]
[BlackElo "1950"]

1. e4 c5 2. Bc4 Nc6 3. Qf3 Nf6 4. e5 Nxe5 5. Qf4 Nxc4 6. Qxc4 e6 7. Nf3 Be7 8.
Ne5 O-O 9. d3 d5 10. Qh4 Nd7 11. Qf4 Bd6 12. Nc3 Bxe5 13. Qf3 Bxc3+ 14. Bd2 Bxb2
15. O-O Bxa1 16. Rxa1 Ne5 17. Qg3 Ng6 18. Bc3 d4 19. Bb2 f5 20. Re1 f4 21. Qg4
e5 22. Qh5 Qa5 23. c3 Bf5 24. Rxe5 Nxe5 25. Ba3 Qxc3 0-1

[Event "Challenge"]
[Site "http://www.queenalice.com/game.php?id=659827"]
[Date "2009.9.29"]
[Round "-"]
[White "Rodrigo_Cruzeiro"]
[Black "alxpborges"]
[Result "1-0"]
[WhiteElo "1441"]
[BlackElo "1231"]

1. e4 e5 2. Nc3 Qf6 3. Bc4 Bc5 4. Nh3 d6 5. Nd5 Qh4 6. Nxc7+ Kd8 7. Nxa8 Bxh3 8.
O-O Qg5 9. Qf3 Bg4 10. Qb3 Qf4 11. d4 Qxe4 12. dxc5 dxc5 13. Bg5+ f6 14. f3 Qg6
15. Rad1+ Ke8 16. Qb5+ Nc6 17. Qxb7 Qxg5 18. Qf7# 1-0

[Event "Invitation"]
[Site "http://www.queenalice.com/game.php?id=670098"]
[Date "2009.10.20"]
[Round "-"]
[White "saruman"]
[Black "alxpborges"]
[Result "1-0"]
[WhiteElo "1400"]
[BlackElo "1192"]

1. e4 e5 2. Qf3 Bc5 3. Bc4 Qh4 4. Qxf7+ Kd8 5. g3 Qxe4+ 6. Kf1 Qxh1 7. Qxg7 Qxh2
8. Qf7 d5 9. Qxd5+ Nd7 10. d4 c6 11. Qf7 Bxd4 12. Be3 Nc5 13. Nf3 Qh3+ 14. Ke2
Nh6 15. Bg5# 1-0

[Event "Challenge"]
[Site "http://www.queenalice.com/game.php?id=692206"]
[Date "2009.12.3"]
[Round "-"]
[White "DKonishi"]
[Black "alxpborges"]
[Result "1-0"]
[WhiteElo "1480"]
[BlackElo "1180"]

1. e4 e5 2. Nf3 d5 3. exd5 e4 4. Ne5 f6 5. Nc4 Qxd5 6. Ne3 Qa5 7. Nc3 Nc6 8.
Nxe4 Be6 9. Bc4 Qa4 10. Nc5 Qa5 11. Nxe6 1-0

[Event "agora é pra valer!"]
[Site "http://www.queenalice.com/game.php?id=715973"]
[Date "2010.1.18"]
[Round "-"]
[White "alxpborges"]
[Black "DKonishi"]
[Result "0-1"]
[WhiteElo "1165"]
[BlackElo "1540"]

1. e4 e5 2. Nf3 Nc6 3. Nc3 Nf6 4. Bb5 Bc5 5. Bxc6 bxc6 6. a3 Ng4 7. O-O d5 8. h3
h5 9. b4 Bd4 10. Nxd4 exd4 11. Ne2 dxe4 12. hxg4 hxg4 13. Bb2 Qh4 14. f3 exf3
15. Nf4 f2+ 16. Rxf2 Qh1# 0-1

[Event "Cavalo de Fogo!!"]
[Site "http://www.queenalice.com/game.php?id=1002299"]
[Date "2011.10.28"]
[Round "1"]
[White "alxpborges"]
[Black "tinogomes"]
[Result "0-1"]
[WhiteElo "1163"]
[BlackElo "1616"]

1. e4 d5 2. exd5 Qxd5 3. Nc3 Qe5+ 4. Nge2 Nc6 5. d4 Nxd4 6. f4 Qe6 7. Qxd4 c6 8.
Be3 c5 9. Qd2 Qa6 10. Rd1 Bg4 11. Ng3 Qd6 12. Bb5+ Bd7 13. Qd5 Bc6 0-1